Entwicklung zur Menschlichkeit durch Begegnung westlicher und ostlicher Kultur
محفوظ في:
| التنسيق: | كتاب |
|---|---|
| اللغة: | الألمانية |
| منشور في: |
Frankfurt am Main
Peter Lang
1988
|
| سلاسل: | Schriften zur Triadik und Ontodynamik, 1
|
| الموضوعات: | |
| الوسوم: |
إضافة وسم
لا توجد وسوم, كن أول من يضع وسما على هذه التسجيلة!
|
MARC
| LEADER | 00000nam a2200000 a 4500 | ||
|---|---|---|---|
| 001 | UCX1332 | ||
| 003 | CL-VaPUC | ||
| 008 | 900802e19880000GW |||||||||||||||||ger|d | ||
| 082 | 0 | 4 | |a 128 |b ENT |2 21 |
| 245 | 1 | 0 | |a Entwicklung zur Menschlichkeit durch Begegnung westlicher und ostlicher Kultur |
| 300 | |a v | ||
| 942 | |c BK | ||
| 945 | |d 19900802 00:00:00 |a aalvarez | ||
| 260 | |a Frankfurt am Main |b Peter Lang |c 1988 | ||
| 650 | 0 | |a Antropología |9 233030 | |
| 583 | |a last modification |c 19900802 00:00:00 |k Rodrigo Vera | ||
| 490 | 0 | |a Schriften zur Triadik und Ontodynamik, 1 | |
| 999 | |c 222593 |d 222591 | ||
| 952 | |0 0 |1 0 |4 0 |6 128_000000000000000_ENT_1988 |7 0 |8 P |9 217561 |a BIBEDU |b BIBEDU |c BIBEDU_PB |d 2019-11-15 |h v.1 |i 2864835 |o 128 ENT 1988 |p 2864835 |r 2024-01-25 |w 2019-11-15 |y BK |k FIL | ||